000 01202cam a2200229 4500
001 L128768
002 8041
008 050214n2005 000 0 eng u
020 _a1593850794
035 _a(Sirsi) u128768
041 _aeng
050 _a526.982
_c18
100 _aMcCoy, Roger M.
245 _aField methods in remote sensing
260 _aNew York
_bGuilford Press
_c2005
300 _axiii, 159p.
_c23cm.
350 _a17.99
520 _aOffers a concise guide to planning and carrying out field work associated with many different types of remote sensing projects, concentrating on the procedures followed. Covers: problems and objectives in remote sensing field work; sampling in the field; finding locations in the field; field spectroscopy; the collection of thematic data in the field; the measurement of vegetation, soil and other surface materials; water bodies and snow cover; and applying concepts of field work to urban projects. Appendices contain a select bibliography on field methods, field note forms and metadata online resources.
590 _aIKA190505
690 _aENVIRONMENTAL AND LAND CONSULTANCY-GEOMATICS-PHOTOGRAMMETRY AND REMOTE SENSING
942 _n0
999 _c104011
_d104011